000 01307nam a22002417a 4500
003 KOHA_MİRAKIL
005 20260408084532.0
008 260408b tu ||||| |||| 00| 0 tur d
040 _aTR-AnABB
_btur
_cTR-AnABB
041 _atur
082 _a956.1018
_bKOD 1987
100 1 _aKodaman, Bayram
245 1 0 _aSultan 2. Abdulhamid devri Doğu Anadolu Politikası /
_cBayram Kodaman
260 _aAnkara :
_bTürk Kültürünü Araştırma Enstitüsü;
_c1987
300 _a155 sayfa ;
_c24 cm
490 0 _aTürk Kültürünü Araştırma Enstitüsü Yayınları;
_v67
500 _aDizin vardır.
504 _aKaynakça vardır.
505 _aİçindekiler: Osmanlı devrinde Doğu Anadolu'nun idari durumu - Hamidiye Hafif Süvarı Alayları - 2. Abdulhamid ve Aşiret Mektebi - 2. Abdulhamid'in bir politika uygulaması - 2. Abdulhamid devrinde hakkari sancağında nesturiler ve İngiliz - Rus Emperyalizmi - Ermeni meselesinin doğuş sebepleri - Milli bütünlüğümüz, üç devir-üç politika - Bir Amerikalı gazeteci gözüyle Ermeni Macerası - 2. Abdülhamid Devrinde Ermeni Macerasının çözümü için iki karşı teklif
650 0 0 _aTarih, Osmanlı İmparatorluğu
650 0 4 _aTarih, Osmanlı İmparatorluğu, 2. Abdülhamid Dönemi
942 _2ddc
_cBK
999 _c10191
_d10191
900 _bCan ÇELIK